00570nam a2200157 i 4500001000700000003000900007005001700016007000300033008004100036100002800077245013500105260006200240300002100302650002600323852006300349149510ES-MaACL20250809062557.0t|071023s1910 sp ||||1| spa d1 aVarela y Romero, Diego.13aEl derecho y las ciencias sociales b: función social del derecho y sus cultivadores : tesis doctoral / cDiego Varela y Romero. aGranada : b[s.n.], c1910 (fImp. F. Gómez de la Cruz) a58 p. ; c21 cm. 4aDerecho-xFilosofía aES-MaACLjT-1208-F-3 z.- Dedicatoria manuscrita del autor